| 000 | 00876nam a2200277 a 4500 | ||
|---|---|---|---|
| 001 | 851 | ||
| 003 | BR-CuiBMT | ||
| 005 | 20231129162531.0 | ||
| 008 | 231117s2015 baba 000 0 por d | ||
| 020 | _a9788544209165 | ||
| 040 |
_aBR-CuiBMT _cBR-CuiBMT |
||
| 080 |
_a349.42 _x(079.1) _22007 |
||
| 090 |
_a349.42(079.1) _bF866d |
||
| 100 | 1 | 0 | _aFreiria, Rafael Costa |
| 245 | 1 | 0 |
_aDireito agrário / _cRafael Costa Freiria, Taisa Cintra Dosso. |
| 260 |
_aSalvador : _bJusPODIVM, _c[2015?] |
||
| 300 |
_a171 p : _bil. ; _c21 cm |
||
| 490 | 1 | 0 |
_aColeção sinopses para concursos ; _vv. 15 |
| 504 | _ainclui bibliografia. | ||
| 650 |
_aDireito agrário _xTeoria geral _zBrasil |
||
| 650 |
_aDireito agrário _xConcurso público |
||
| 650 |
_aDireito agrário _xQuestões de prova |
||
| 700 | _aDosso, Taisa Cintra | ||
| 830 |
_aSinopses para concursos _v15 |
||
| 942 |
_2udc _cLV |
||
| 999 |
_c851 _d851 |
||